Suomalaiset keihäsmiehet arvokisoissa 1980- - Statistics

Yleistilastot
  • Tätä visaa on pelattu 65 kertaa
    35 viimeisimmän päivityksen jälkeen
  • Keskiarvotulos 20 / 32
Vastaustilastot
Vuodet Nimi % Oikein
1995-2003 Aki Parviainen
100%
2011-2016 Ari Mannio
100%
1988-1993 Kimmo Kinnunen
100%
2018- Oliver Helander
100%
1986-1997 Seppo Räty
100%
2006-2009 Tero Järvenpää
100%
2004-2017 Tero Pitkämäki
100%
2009-2019 Antti Ruuskanen
89%
2014- Lassi Etelätalo
89%
1988 Tapio Korjus
89%
2006-2013 Teemu Wirkkala
78%
1999-2010 Harri Haatainen
67%
2022- Toni Keränen
67%
2021- Toni Kuusela
67%
1991-2002 Ari Pakarinen
56%
2025- Eemil Porvari
56%
2004-2005 Esko Mikkola
56%
1994-2000 Harri Hakkarainen
56%
1998-2004 Matti Närhi
56%
1997 Sami Saksio
56%
1982-1984 Arto Härkönen
44%
1992-2001 Juha Laukkanen
44%
1984 Raimo Manninen
44%
1980-1983 Aimo Aho
33%
1982 Antero Toivonen
33%
1986 Jorma Markus
33%
1986-1987 Jyrki Blom
33%
1990 Marko Hyytiäinen
33%
1984 Tero Saviniemi
33%
1980 Antero Puranen
22%
1983 Esa Utriainen
22%
1980-1982 Pentti Sinersaari
22%
Ehtoja vastaavia visoja ei löytynyt
Tulosjakauma
Jokaisen tuloksen saaneiden osuus
Persentiili vastausten määrän mukaan
Tuloshistoriasi
Et ole pelannut tätä visaa sen viimeisimmän päivityksen jälkeen